[Event "Fourmies op 34th"]
[Site "Fourmies"]
[Date "2010.05.22"]
[Round "1"]
[White "Pizzo, Cyril"]
[Black "Strugnell, Carl"]
[Result "1-0"]
[WhiteElo "1828"]
[BlackElo "2255"]
[PlyCount "69"]
[EventDate "2010.05.22"]
[EventType "swiss"]
[EventRounds "7"]
[EventCountry "FRA"]
[SourceTitle "CBM 136 Extra"]
[Source "ChessBase"]
[SourceDate "2010.07.02"]
[SourceVersion "2"]
[SourceVersionDate "2010.07.15"]
[SourceQuality "1"]

1. d4 Nf6 2. c4 c5 3. e3 e6 4. Nc3 Be7 5. Nf3 cxd4 6. exd4 b6 7. Be2 Bb7 8. 0-0 d5 9. cxd5 Nxd5 10. Nxd5 Qxd5 11. Be3 0-0 12. Rc1 Ba6 13. Ne5 Bxe2 14. Qxe2 Qxa2 15. Rc7 Bf6 16. Ng4 Qd5 17. Nxf6+ gxf6 18. Bh6 Qf5 19. Bxf8 Kxf8 20. Rc8+ Kg7 21. Qf3 Qxf3 22. gxf3 a5 23. Kh1 f5 24. Rg1+ Kf6 25. Rgg8 Ra7 26. Rxb8 Rd7 27. Rgd8 Rc7 28. Rxb6 Kg5 29. Kg2 Kf4 30. d5 e5 31. d6 Rc2 32. d7 Rd2 33. Rb7 e4 34. fxe4 fxe4 35. Re8 1-0